000 00723nam a22002297a 4500
003 UA-OsUOA
001 56001
007 ta
008 20080925b un ||||| |||| 00| 0 ukr d
090 _a811.162.1(075.8)
_bС17
942 _cBK
040 _aUA-OsUOA
_brus
_cUA-OsUOA
_dUA-OsUOA
245 _aСамоучитель польского языка
_bПрактический курс. Учебное пособие.
300 _a240 с.
955 _a2
041 _arus
080 _a811.162.1(075.8)
020 _a966-7269-55-8
260 _aК.
_bМетодика
_c2006
650 7 _a8 Мовознавство. Художня література. Літературознавство
_2UDC
999 _c342100
_d342100